000 00568nam a2200181Ia 4500
003 GCL
008 140319s9999 xx 000 0 ara d
040 _aGCL /
_cGCL
082 0 4 _aق
_b962
_bس ت
100 1 _aسلوى العطار
245 1 0 _aالتغييرات الاجتماعية فى عهد محمد على /
_cسلوى العطار
300 _a387 ص
490 _a
650 0 4 _aالاحوال الاجتماعية
650 0 4 _aالمجتمع المصرى
650 0 4 _aمصر - تاريخ - العصر الحديث (1805 - 1956 )
942 _2ddc
_cBK
999 _c40249
_d40249